Didáctica de la lengua española

Salvato in:
Dettagli Bibliografici
Autore principale: Castro Alonso, Carlos A.
Natura: Libro
Lingua:Undetermined
Pubblicazione: Madrid, España Salamanca 1971
Soggetti:
Tags: Aggiungi Tag
Nessun Tag, puoi essere il primo ad aggiungerne!!

MARC

LEADER 00000nam a2200000Ia 4500
008 170316s9999 xx 000 0 und d
090 |a 415-E C-3d 
100 |a Castro Alonso, Carlos A. 
245 |a Didáctica de la lengua española 
260 |a Madrid, España 
260 |b Salamanca 
260 |c 1971 
300 |a 925 páginas 
650 |a GRAMÁTICA ESPAÑOLA 
999 |c 18936  |d 18936 
040 |a cru BVZT 
942 |c 15 D  |h 415-E C-3d  |2 z